000 00317nam a22001337a 4500
008 170825b xxu||||| |||| 00| 0 eng d
020 _a9780073377803
041 _aeng
080 _a070
100 _a40
101 _aMED
245 _aBUSSINESS AND ADMINISTRATIVE COMUNICATIVE
_cLOCKER.K.O
942 _2udc
_cBK
999 _c24976
_d24976